00569 2200193 4500001002100000005001500021035002000036008004100056245004100097100002100138260003800159300002900197084002000226082001000246650007000256020001800326250001100344990002000355INLIS00000000000425720250211010022 a0010-0225000183250211 0 ind 1 aHama Dan Penyakit Tanaman /cPracaya aPracaya, Pracaya aJakarta :bPenebar Swadaya,c2009 aiv, 428 hlm. ;c15x23 cm a632.3 PRA H C.1 a632.3 4aPenyakit pada Tanaman Pertanian, Penyakit pada Tumbuhan Pertanian a979-489-098-7 aRevisi a250211200007440